Music, disability, and society (Record no. 233628)
[ view plain ]
| 000 -LEADER | |
|---|---|
| fixed length control field | 01736nam a2200385 a 4500 |
| 082 04 - DEWEY DECIMAL CLASSIFICATION NUMBER | |
| Classification number | 780.87 |
| 100 1# - MAIN ENTRY--AUTHOR NAME | |
| Personal name | Lubet, Alex, |
| 245 10 - TITLE STATEMENT | |
| Title | Music, disability, and society |
| 260 ## - PUBLICATION, DISTRIBUTION, ETC. (IMPRINT) | |
| Place of publication | Philadelphia : |
| Name of publisher | Temple University Press, |
| Year of publication | 2011. |
| 300 ## - PHYSICAL DESCRIPTION | |
| Number of Pages | viii, 199 p. |
| 505 0# - FORMATTED CONTENTS NOTE | |
| Formatted contents note | Piano men, or the right hand doesn't-- no -- Let's face the music and dance : jazz and physical disability -- Play like an Egyptian : music and blind culture -- Losing-- my religion : music, disability, gender, and Jewish and Islamic law -- Bringing it all back home, or teach your children-- well?. |
| 650 #0 - SUBJECT ADDED ENTRY--TOPICAL TERM | |
| Topical Term | Music |
| Topical Term | Disabilities |
| Topical Term | Musicians with disabilities. |
| Topical Term | Blind musicians. |
| Topical Term | Music |
| Topical Term | Disability studies. |
| 856 40 - ELECTRONIC LOCATION AND ACCESS | |
| Uniform Resource Identifier | http://site.ebrary.com/lib/rucke/Doc?id=10432126 |
No items available.
